| 000 | 00678nam a2200205 a 4500 | ||
|---|---|---|---|
| 001 | 17411883 | ||
| 008 | 161019s2010 ||||||||||||||||| || u | ||
| 010 | _a2012450686 | ||
| 020 | _a9780007362547 | ||
| 050 | _aPR 6113.A24D37 | ||
| 100 | _aMacbride, Stuart | ||
| 245 | 1 | 0 |
_aDark blood _cStuart MacBride. |
| 250 | _aPaperback edition. | ||
| 260 |
_aLondon _bHarper _c2010 |
||
| 300 | _a487 p. | ||
| 350 | _a12.95 | ||
| 650 | 0 | _aPolice - Scotland - Aberdeen - Fiction | |
| 650 | 0 | _aMcRae, Logan (Fictitious character) - Fiction | |
| 995 |
_D12.95 _FCBU-MAIN LIBRARY (Kitwe) _M1 _UAVAILABLE _WOct 19, 2016 _ZFiction Collection |
||
| 999 |
_c39380 _d39380 |
||